01134nam a2200217Ia 4500001000700000008004100007090001700048100004200065245016700107260003200274300001000306502007600316650012900392901001700521902000600538905006300544942000600607999001900613952014200632952014200774Z_4711220601s9999 xx 000 0 und d aTesis L 1683 aLópez Hernández, Alejandro967959 aEstudio del rendimiento y composición de la leche y su relación con la actividad reproductiva postparto en vacas lecheras / por Alejandro López Hernández aChapingo, Méx. : El autor a65 h. aTesis (Ing. Agr. Esp. en Zootecnia) -- UACH. Departamento de Zootecnia a1. Leche - Producción 2. Leche - Composición 3. Ganado lechero - Reproducción4. Ganado lechero - GenéticaÌ9181589 aTESIS L 1683 aM a0000002002 0000000000 00 c2 c216937d216937 00102local4055708TESISaZbZd2005-11-09eEl autorl0oTesis L67 1683 2002p5101002772r2022-06-02 00:00:00tEj.2w2022-06-02yTESIS 00102local4051708TESISaZbZd2005-11-09eEl autorl0oTesis L67 1683 2002p5101002771r2022-06-02 00:00:00tEj.1w2022-06-02yTESIS